MARC

LEADER 00000nam0a2200000 4500
001 309119
005 20231102002147.0
020 |a RU  |b 81-33503ж 
035 |a (RuTPU)RU\TPU\book\334441 
090 |a 309119 
100 |a 20151110d1981 k y0rusy5003 ca 
101 0 |a rus 
102 |a RU 
105 |a a z 001zy 
200 1 |a Проблематики фанерозоя  |e труды  |f Академия наук СССР (АН СССР), Сибирское отделение (СО), Институт геологии и геофизики (ИГиГ) 
210 |a Москва  |c Наука  |d 1981 
215 |a 135 с.  |c ил., 28 л. ил.  |d 22 см. 
225 1 |a Труды института геологии и геофизики (ИГиГ) СО АН СССР  |v Вып. 481 
320 |a Библиография в конце статей 
606 1 |a Микроорганизмы ископаемые  |2 stltpush  |3 (RuTPU)RU\TPU\subj\43696  |9 63158 
610 1 |a фанерозойские отложения 
610 1 |a палеонтология 
610 1 |a салебриды 
610 1 |a морфология 
610 1 |a нижнекембрийские отложения 
610 1 |a хиолиты 
610 1 |a пищеварительный аппарат 
610 1 |a слепки 
610 1 |a ордовикские отложения 
610 1 |a Сибирская платформа 
675 |a 563.12  |z rus  |v 4 
712 0 2 |a Академия наук СССР (АН СССР)  |b Сибирское отделение (СО)  |b Институт геологии и геофизики (ИГиГ)  |c (Новосибирск)  |2 stltpush  |3 (RuTPU)RU\TPU\col\128 
801 0 |a RU  |b RuMRKP  |c 19950704  |g psbo 
801 1 |a RU  |b 63413507  |c 20151110 
801 2 |a RU  |b 63413507  |c 20211109  |g RCR 
942 |c BK